Mots de la langue française terminés par "oie" - Statistiques

Statistiques générales
  • Ce quiz a été pris 231 fois
  • Le résultat moyen est 8 sur 15
Statistiques - réponses
Indice Mot % Correct
volatile oie
93%
cheval de ... Troie
92%
bonheur joie
88%
organe abdomidal foie
84%
chemin voie
83%
ver soie
78%
73 Savoie
63%
lanière courroie
54%
butin proie
39%
lotte baudroie
38%
pétromyzontide lamproie
23%
outil qui permet de briser la tige du chanvre et du lin broie
12%
terre groie
4%
autrefois, monceau de terre pour marquer les chemins montjoie
2%
carrefour bivoie
1%
Aucun quiz correspondant
Distribution des résultats
% des personnes avec chaque résultat
Percentile par nombre de réponses
Votre historique - résultats
Vous n’avez pas pris ce quiz